1117 1649 1223 1684 1751 1873 1245 1665 1697 1375 1367 1061 1008 1091 1931 1718 1055 1482 1149 1069 1529 1690 1041 1233 1649 1713 1194 1284 1170 1150 1524 1148 1234 1860 1796 1285 1871 1099 1330 1651 1940 1995 1139 1337 1655 1409 1355 1759 1187 1975 1547 1307 1235 1331 1739 1544 1346 1814 1818 1794 1638 1651 1760 1584 1028 1931 1818 1994 1645 1619 1306 1063 1702 1136 1027 1993 1133 1659 1053 1841 1801 1658 1009 1673 1976 1038 1454 1934 1978 1675 1000 1671 1311 1027 1573 1447 1640 1993 1757 BCNSPRNW ULIB Ver.6.0+V

เปลี่ยนเป็นภาษาไทย

Change to English
 แสดงรายละเอียดบรรณานุกรม
  กลับหน้าหลัก

Brief Record : Get Marc (ISO 2709) : E-mail record : QR code < ปิดหน้าต่าง
LEADER : 00000nam 2200000uu 4500
001    13399113610
003     ULIB
008    111207s2551||||th 000 0 tha d
020    ^a9789747519198
090    ^aนว.^bL271ร 2551
100 0  ^aLucky
245 00 ^aรักนี้ ตราบสิ้นกาลเวลา/^cLucky
250    ^aพิมพ์ครั้งที่ 1
260    ^aกรุงเทพฯ :^bSugar Beat,^c2551
300    ^a368 หน้า
710 1  ^aSugar Beat
945    ^p240^l0^i15043
995    ^aทศพร
999 ^a ทศพร
รายการนี้ยังไม่มีแท็ก
คุณยังไม่ได้ล็อกอิน คุณสามารถมีกิจกรรมร่วมกับเว็บไซต์ได้ แต่ต้องล็อกอินก่อน ::
  ล็อกอิน

รายการสื่อสารสนเทศ

ลำดับที่ ประเภท เลขเรียก/บาร์โค้ด สถานที่ สถานะ
1. นวนิยาย
นวนิยาย
นว. L271ร 2551 ฉ.1 
  Barcode: 15043
ห้องสมุดวิทยาเขตสวรรค์ประชารักษ์
►นวนิยาย
บนชั้น
  ขอยืม

รายการใกล้เคียง
    ผู้แต่ง [Lucky]

BibComment


ยังไม่เคยถูกคอมเมนท์

คอมเมนท์ทรัพยากรรายการนี้
  คอมเมนท์: รักนี้ ตราบสิ้นก..


 Copyright 2026. Bcnsprnw @Library